000 00473nam a2200205Ia 4500
008 210210b1945 xxu||||| |||| 00| 0 eng d
041 _aeng
082 _a828/237
100 _aGANDHI (M K)
245 _aStory of my experiments with truth
260 _aAhmedabad
_bNavajivan publishing house
_c1945
650 _awith
650 _atruth
650 _aStory
650 _aof
650 _amy
650 _aexperiments
690 _aBiography
906 _a016082
999 _c135472
_d135472